Software testing

Uloženo v:
Podrobná bibliografie
Hlavní autor:  Patton, Ron
Médium: Sách
Jazyk:Undetermined
Vydáno:  Sams  2006
Témata:
Tagy: Přidat tag
Žádné tagy, Buďte první, kdo otaguje tento záznam!
Thư viện lưu trữ: Trung tâm Thư viện - Trường Đại học Công nghiệp TP. Hồ Chí Minh
LEADER 00476nam a2200157Ia 4500
001 UIH_06374
008 231011s9999 xx 000 0 und d
082 |a  005.3 
100 |a  Patton, Ron 
245 0 |a  Software testing 
245 0 |c  Patton, Ron 
260 |b  Sams 
260 |c  2006 
650 |a  Software (computer); Phần mềm (máy tính );  
927 |a Sách 
980 |a Trung tâm Thư viện - Trường Đại học Công nghiệp TP. Hồ Chí Minh